LIBRARY & INFORMATION CENTRE, KCAET, TAVANUR

ONLINE PUBLIC ACCESS CATALOGUE (OPAC)

Statistical Quality Control: A Modern Introduction (Record no. 13945)

MARC details
000 -LEADER
fixed length control field 00332nam a22001337a 4500
020 ## - INTERNATIONAL STANDARD BOOK NUMBER
ISBN 9788126525065
082 ## - DEWEY DECIMAL CLASSIFICATION NUMBER
Classification number 658.562
Item number MON/ST
100 ## - MAIN ENTRY--AUTHOR NAME
Personal name Montgomery, Douglas C
245 ## - TITLE STATEMENT
Title Statistical Quality Control: A Modern Introduction
250 ## - EDITION STATEMENT
Edition statement 6 th
260 ## - PUBLICATION, DISTRIBUTION, ETC. (IMPRINT)
Place of publication New Delhi
Name of publisher Wiley india
Year of publication 2013
300 ## - PHYSICAL DESCRIPTION
Number of Pages 734
942 ## - ADDED ENTRY ELEMENTS (KOHA)
Koha item type Books
Holdings
Withdrawn status Lost status Damaged status Collection code Home library Current library Shelving location Date acquired Source of acquisition Full call number Accession Number Koha item type Cost, normal purchase price
      Non-fiction KAUAET KAUAET General Stacks 30/03/2013 Calicut Book Distributors 658.562 MON/ST 23690 Books  
        KAUAET KAUAET General Stacks 12/07/2016 Researchco Books and Periodicals, New Delhi 658.562 MON/ST 24370 Books 589.00
free website counter